Rozmlouvání o gustoch

Bibliographic Details
Main Author: Szentkereszty, Ján (Author)
Format: Article
Language:Slovak

MARC

LEADER 00000nab a2200000uu 4500
001 vtls011497705
003 SK-MaSNL
005 20260304001601.0
008 240911|1979 xo |||||||||||||||||slo|
015 |a SNBRB 
035 |a (urnnbn)urn:nbn:sk:snk:ar-001lr2 
035 |a (uuid)2f67aa9b-84e8-4ecd-863e-9d4558a6fdf0 
035 |a urn:nbn:sk:snk-abdswy 
040 |a SNKBUCL  |b slo  |c SNKBUCL  |e AACR2 
041 0 |a slo 
044 |a xo  |c SK 
100 1 |a Szentkereszty, Ján  |4 aut  |9 1005856 
245 1 0 |a Rozmlouvání o gustoch  |c Ján Szentkereszty 
773 0 |t Javisko  |g Roč. 11, č. 9 (1979), s. 251-254 
958 |a OND 
958 |a EUIPO 
958 |a article20 
999 |c 2537665  |d 2539595